000 01243cam a2200385M 4500
001 101062
005 20230410121208.0
008 091208s2007 cou 000 u eng d
035 _a(OCoLC)ocn475502097
040 _aDKDLA
_bdan
_cDKDLA
020 _a1588261948 (hardcover : alk. paper)
020 _a9781588261946 (hardcover : alk. paper)
020 _a1588261700 (pbk. : alk. paper)
020 _a9781588261700 (pbk. : alk. paper)
029 0 _aDKDLA
_b33669756
035 _a(OCoLC)475502097
043 _aae-----
_aas-----
_ap------
050 1 4 _aJZ 1980
_bM478a 2007
082 0 0 _a327.5
100 1 _aMcDougall, Derek,
_d1945-
245 1 0 _aAsia Pacific in world politics /
_cDerek McDougall.
260 _aBoulder, Colo. :
_bLynne Rienner Publishers,
_c2007.
300 _axi, 371 p. :
_bmap ;
_c24 cm
504 _aIncludes bibliographical references and index.
651 0 _aAsia
_xForeign relations.
651 0 _aPacific Area
_xForeign relations.
650 0 _aSecurity, International.
651 4 _aAsia
_xRelaciones exteriores
651 4 _aPacifico (Area)
_xRelaciones exteriores.
650 4 _aSeguridad internacional.
650 4 _a20150700
942 _2lcc
_cbk
946 _aKK
994 _aC0
_bDRFGD
999 _c59848
_d59848